书目信息 |
| 题名: |
辽制研究
|
|
| 作者: | 武玉环 著 | |
| 分册: | ||
| 出版信息: | 长春 吉林大学出版社 2002.07 |
|
| 页数: | 226页 | |
| 开本: | 20cm | |
| 丛书名: | ||
| 单 册: | ||
| 中图分类: | K246.07 | |
| 科图分类: | ||
| 主题词: | 政治制度--研究--中国--辽代 , 经济制度--研究--中国--辽代 , 军事制度--研究--中国--辽代 | |
| 电子资源: | ||
| ISBN: | 7-5601-2732-0 | |
| 000 | 00625nam0 2200217 45 | |
| 001 | 0311131097 | |
| 005 | 20031219104121.5 | |
| 010 | @a7-5601-2732-0@dCNY12.00 | |
| 100 | @a20031113d2002 km y0chiy0120 ea | |
| 101 | 0 | @achi |
| 105 | @a z 000yy | |
| 200 | 1 | @a辽制研究@ALiao Zhi Yan Jiu@f武玉环著@FWu Yu Huan Zhu |
| 210 | @a长春@c吉林大学出版社@d2002.07 | |
| 215 | @a226页@d20cm | |
| 606 | 0 | @a政治制度@x研究@y中国@z辽代 |
| 606 | 0 | @a经济制度@x研究@y中国@z辽代 |
| 606 | 0 | @a军事制度@x研究@y中国@z辽代 |
| 690 | @aK246.07@v3 | |
| 701 | 0 | @a武玉环@4著 |
| 801 | @aCN@bTSTC@c20031113 | |
| 905 | @b327863-867@dK246.07@e16@f5 | |
| 辽制研究/武玉环著.-长春:吉林大学出版社,2002.07 |
| 226页;20cm |
| ISBN 7-5601-2732-0:CNY12.00 |
| ● |
| 相关链接 |
|
|
|
|
正题名:辽制研究
索取号:K246.07/16
 
预约/预借
| 序号 | 登录号 | 条形码 | 馆藏地/架位号 | 状态 | 备注 |
| 1 | 0327863 | 203278639 | 第二借阅区/ [索取号:K246.07/16] | 在馆 | |
| 2 | 0327864 | 203278648 | 第二借阅区/ [索取号:K246.07/16] | 在馆 | |
| 3 | 0327865 | 203278657 | 第二借阅区/ [索取号:K246.07/16] | 在馆 | |
| 4 | 0327866 | 203278666 | 第二借阅区/ [索取号:K246.07/16] | 在馆 | |
| 5 | 0327867 | 203278675 | 第二样本阅览室/ [索取号:K246.07/16] | 在馆 |